Distribution par images - La Guerre des Lulus - Statistiques

Statistiques générales
  • Ce quiz a été pris 12 fois
  • Le résultat moyen est 4 sur 9
Statistiques - réponses
Par images Hint Réponse % Correct
Turpin François Damiens
91%
Moussa Ahmed Sylla
82%
Leutellier Alex Lutz
55%
Gaston Didier Bourdon
55%
Louison Isabelle Carré
27%
Ludwig Léonard Fauquet
18%
Lucien Loup Pinard
18%
Hans Luc Schiltz
18%
Luigi Mathys Gros
18%
Aucun quiz correspondant
Distribution des résultats
% des personnes avec chaque résultat
Percentile par nombre de réponses
Votre historique - résultats
Vous n’avez pas pris ce quiz